Rough Crossings (Record no. 110514)

MARC details
000 -LEADER
campo de control de longitud fija 00734cam a22002413a 4500
001 - NÚMERO DE CONTROL
campo de control 50743
005 - FECHA Y HORA DE LA ÚLTIMA TRANSACCIÓN
campo de control 20230411090005.0
008 - DATOS DE LONGITUD FIJA--INFORMACIÓN GENERAL
campo de control de longitud fija 070320s2006 xx 000 0 eng d
035 ## - NÚMERO DE CONTROL DEL SISTEMA
Número de control de sistema (OCoLC)ocn148665064
040 ## - FUENTE DE CATALOGACIÓN
Centro catalogador/agencia de origen BTCTA
Centro/agencia transcriptor BTCTA
Centro/agencia modificador YDXCP
-- BAKER
020 ## - NÚMERO INTERNACIONAL ESTÁNDAR DEL LIBRO
Número Internacional Estándar del Libro 9780060539177
020 ## - NÚMERO INTERNACIONAL ESTÁNDAR DEL LIBRO
Número Internacional Estándar del Libro 0060539178
035 ## - NÚMERO DE CONTROL DEL SISTEMA
Número de control de sistema (OCoLC)148665064
049 ## - FONDOS LOCALES (OCLC)
Biblioteca depositaria GRAL
245 00 - MENCIÓN DEL TÍTULO
Título Rough Crossings
Resto del título The Slaves, the British, and the American Revolution.
260 ## - PUBLICACIÓN, DISTRIBUCIÓN, ETC.
Nombre del editor, distribuidor, etc. Perennial
Fecha de publicación, distribución, etc. 2006
720 ## - ENTRADA AGREGADA--NOMBRE NO CONTROLADO
Nombre Schama, Simon
938 ## -
-- Baker and Taylor
-- BTCP
-- BK0007021333
938 ## -
-- YBP Library Services
-- YANK
-- 2502246
938 ## -
-- Baker & Taylor
-- BKTY
-- 16.95
-- 12.71
-- 0060539178
-- 0007021333
-- active
942 ## - ELEMENTOS DE ENTRADA SECUNDARIOS (KOHA)
Fuente del sistema de clasificación o colocación Clasificación de Library of Congress
Tipo de ítem Koha
994 ## -
-- C0
-- DRFGD
Holdings
Estatus retirado Estado de pérdida Fuente del sistema de clasificación o colocación Estado de daño No para préstamo Colección Biblioteca de origen Biblioteca actual Ubicación en estantería Fecha de adquisición Código de barras Visto por última vez Copia número Tipo de ítem Koha
    Clasificación de Library of Congress     Automatización y Procesos Técnicos Biblioteca Juan Bosch Biblioteca Juan Bosch Automatización y Procesos Técnicos (1er. Piso) 11/04/2023 00000051864 17/02/2019 1